Online Catalogue and eLibrary

Interactive Minds: (Record no. 1084)

MARC details
000 -LEADER
fixed length control field 00650nam a2200229Ia 4500
005 - DATE AND TIME OF LATEST TRANSACTION
control field 20250319051110.0
008 - FIXED-LENGTH DATA ELEMENTS--GENERAL INFORMATION
fixed length control field 240331s9999 xx 000 0 und d
020 ## - INTERNATIONAL STANDARD BOOK NUMBER
ISBN 0521485673
082 ## - DDC Classification
Class No. 302.1
Item Number - Author Mark INT
DDC Edition Number 2262
245 #0 - TITLE STATEMENT
Title Interactive Minds:
Remainder of title Life-Span Perspectives on the Social Foundation of Cognition
260 ## - PUBLICATION, DISTRIBUTION, ETC.
Place of publication, distribution, etc. Cambridge;
-- New York;
-- Melbourne,
Name of publisher, distributor, etc. Cambridge University Press
Date of publication, distribution, etc. 1996
300 ## - PHYSICAL DESCRIPTION
Extent (e.g. Volumes, Pages etc.) xii, 457 p.,
650 ## - SUBJECT ADDED ENTRY--TOPICAL TERM
Topical term or geographic name entry element Development
650 ## - SUBJECT ADDED ENTRY--TOPICAL TERM
Topical term or geographic name entry element Evolution
650 ## - SUBJECT ADDED ENTRY--TOPICAL TERM
Topical term or geographic name entry element Culture
650 ## - SUBJECT ADDED ENTRY--TOPICAL TERM
Topical term or geographic name entry element History
650 ## - SUBJECT ADDED ENTRY--TOPICAL TERM
Topical term or geographic name entry element Education
650 ## - SUBJECT ADDED ENTRY--TOPICAL TERM
Topical term or geographic name entry element Psychology
700 ## - ADDED ENTRY--PERSONAL NAME
Personal name Baltes, P. B
Relator term (Role) Editor
700 ## - ADDED ENTRY--PERSONAL NAME
Personal name Staudinger, U. M
Relator term (Role) Editor
942 ## - Koha item type (Biblio)
Koha item type Books in Stacks (Lending)
Holdings
Lost status Damaged status Collection code Home library Current library Shelving location Date acquired Full call number Accession Number Item type
    Lending WERC Library WERC Library Social Science Cupboard 03/31/2024 302.1 INT 2262 Books in Stacks (Lending)

© WERC Library